000 003460000a22001090004500
090 _aAS
_bSeriadas
245 1 0 _aBorojoa, un nuevo género de Rubiáceas
041 0 _aEspañol
100 1 _aCuatrecasas, José
_911935
942 _cARTICULO
773 1 _tRevista de la Academia Colombiana de Ciencias Exactas, Físicas y Naturales
_h28
_q474-477
_d1950
_g7
999 _c15489
_d15489